Intermediate algebra: A real- world approach

Intermediate Algebra prepares students for further courses in the college math curriculum. Students of all backgrounds will be delighted to find a refreshing book that appeals to every learning style and reaches out to diverse demographics. Through down-to-earth explanations, patient skill-building,...

সম্পূর্ণ বিবরণ

সংরক্ষণ করুন:
গ্রন্থ-পঞ্জীর বিবরন
প্রধান লেখক: Bello, Ignacio
বিন্যাস: গ্রন্থ
ভাষা:Undetermined
প্রকাশিত: Boston McGraw-Hill 2006
বিষয়গুলি:
ট্যাগগুলো: ট্যাগ যুক্ত করুন
কোনো ট্যাগ নেই, প্রথমজন হিসাবে ট্যাগ করুন!
Thư viện lưu trữ: Trung tâm Học liệu Trường Đại học Cần Thơ
LEADER 00997nam a2200217Ia 4500
001 CTU_138380
008 210402s9999 xx 000 0 und d
020 |c 4.97 
082 |a 512.9 
082 |b B446 
100 |a Bello, Ignacio 
245 0 |a Intermediate algebra: 
245 2 |b A real- world approach 
245 0 |c Ignacio Bello, Fran Hopf 
260 |a Boston 
260 |b McGraw-Hill 
260 |c 2006 
520 |a Intermediate Algebra prepares students for further courses in the college math curriculum. Students of all backgrounds will be delighted to find a refreshing book that appeals to every learning style and reaches out to diverse demographics. Through down-to-earth explanations, patient skill-building, and exceptionally interesting and realistic applications, this worktext will empower students to learn and master algebra in the real world. 
650 |a Algebra,Đại số học 
904 |i Liễu 
980 |a Trung tâm Học liệu Trường Đại học Cần Thơ